Filmy manager : (Record no. 102122)

MARC details
000 -LEADER
fixed length control field 00637nam a22001817a 4500
005 - DATE AND TIME OF LATEST TRANSACTION
control field 20160810162859.0
010 ## - LCCN (DPL NO)
LC control number ENG-115710
020 ## - INTERNATIONAL STANDARD BOOK NUMBER
International Standard Book Number 9789351950219
Terms of availability 399.00
035 ## - SYSTEM CONTROL NUMBER
System control number EN-99242
037 ## - SOURCE OF ACQUISITION
Source of stock number/acquisition DBAD/PUB
082 ## - DEWEY DECIMAL CLASSIFICATION NUMBER
Classification number 658
100 ## - MAIN ENTRY--PERSONAL NAME
Personal name Vijayaraghavan,Srinivas B.
245 ## - TITLE STATEMENT
Title Filmy manager :
Statement of responsibility, etc by Srinivas B. Vijayaraghavan,
Remainder of title what Bhuvan and Bittoo can you about leadership,entrepreneurship and strategy /
260 ## - PUBLICATION, DISTRIBUTION, ETC. (IMPRINT)
Place of publication, distribution, etc Gurgoan
Name of publisher, distributor, etc Hachette India
Date of publication, distribution, etc 2015
270 ## - ADDRESS
Address 4th & 5th Floors Corporate Center,Plot N0-94,Sector 44
City Gurgaon
Postal code 122003
300 ## - PHYSICAL DESCRIPTION
Extent vii,320p
Dimensions 19cm(pbk)
942 ## - ADDED ENTRY ELEMENTS (KOHA)
Source of classification or shelving scheme Dewey Decimal Classification
Item type English Books
Classification part 658
Call number suffix VIJ
Holdings
Withdrawn status Lost status Not for loan Collection code Home library Current library Date acquired Source of acquisition Cost, normal purchase price Full call number Barcode Copy number Cost, replacement price Koha item type
      Non-fiction Bawana Bawana 10/08/2016 DBAD/PUB 399.00 658 VIJ EN-99242 1 399.00 English Books

© Delhi Public Library
Hit Counter
free hit counter